Responses for Show #2760 - Friday, September 6, 1996

Bernie Cullen game 5.

Contestants

[<< previous game]

Jesse Hergert, an administrative assistant from Washington, D.C.

Kevin Bailey, a systems project manager from Plaistow, New Hampshire

Bernie Cullen, a biology graduate student originally from Dublin, Ireland (whose 4-day cash winnings total $45,502)

[next game >>]

Jeopardy! Round responses

ULTRA SCIENCE
PEOPLE
BUSINESS & INDUSTRY
QUOTATIONS
HAIL TO THE CHIEF
SWEETS
    $100 10
(Kevin: What is infrared?)

ultraviolet

KevinJesse
    $100 9
cement

Kevin
    $100 4
Kodak

Kevin
    $100 1
Kentucky

Kevin
    $100 21
Franklin Roosevelt

Kevin
    $100 15
saltwater

Jesse
    $200 12
ultrasound

Bernie
    $200 11
dial 911

Kevin
    $200 5
the banana

Kevin
    $200 2
(Bernie: Who is Ben Franklin?)

Will Rogers

BernieJesse
    $200 29
the CIA

Jesse
    $200 16
betty

Kevin
    $300 13
(Kevin: What is 2?)

14

BernieKevin
    $300 24
(Bernie: Who is Perot?)
...
(Alex: Perhaps, Bernie, you were thinking of 1992.)

Steve Forbes

Bernie
Triple Stumper
    $300 6
Boeing

Jesse
    $300 3
pie

Kevin
    $300 30
the East Room

Bernie
    $300 17
a date

Bernie
    $400 14
an ultralight

Bernie
    $400 25
Kathie Lee Gifford

Kevin
    $400 20
MCI

Jesse
    $400 7
Willa Cather

Jesse
    $400 27
Truman

Bernie
    $400 18
roses

Bernie
    $500 23
(Kevin: What is ultraviolet?)
...
(Alex: Kevin had the "ultra" right this time, but not the second part.)

ultramarine

BernieKevin
    $500 26
(Bruce) Babbitt

Kevin
    $500 22
Red Lobster

Kevin
    $500 8
(Kevin: What is marriage?)
[Laughter]
(Alex: Could give you for humor, though.)

peace

Kevin
Triple Stumper
    $1,000 28
(Alex: That's what Kevin was looking for. Unfortunately, he didn't find it, but he is close to the lead enjoyed by you, Bernie.)

Coolidge

Bernie
    $500 19
pectin

Kevin

Scores at the first commercial break (after clue 14):

Bernie Kevin Jesse
$700 $100 $1,000

Scores at the end of the Jeopardy! Round:

Bernie Kevin Jesse
$3,300 $1,800 $1,700

Double Jeopardy! Round responses

THE NATIONAL WOMEN'S HALL OF FAME
AMERICAN AUTHORS
ENTERTAINMENT
THE 1920s
HOSPITALS
SUITES
(Alex: We have the other kind of SUITES in round two.)
    $200 1
the Supreme Court

Kevin
    $200 18
Michael Crichton

Jesse
    $200 8
The Thorn Birds

Jesse
    $200 2
Geneva

Kevin
    $200 17
St. Jude

Kevin
    $200 13
Bizet

Bernie
    $400 7
Abigail Adams

Kevin
    $400 22
Dr. Seuss

Bernie
    $400 9
Phil Collins

Kevin
    $400 3
Rorschach

Kevin
    $400 26
the Mayo Clinic

Kevin
    $400 14
The Planets

Bernie
    $600 19
Elizabeth Dole

Bernie
    $3,800 23
(Alex: Ooh, all right, living dangerously. If it works, you're in very good shape.)

(Bernie: Who is [*]?)
(Alex: Yes, and I have a feeling you knew that one. That was not a guess.)

Sinclair Lewis

Bernie
    $600 10
Greer Garson

Kevin
    $600 4
King Tut's tomb

Bernie
    $2,500 15
(Bernie: Um… who is [*]?)
(Alex: Is that a guess?)
(Bernie: Yes.)
(Alex: A good one. That is correct. If you don't know, try to figure it out, and quite often, it works.)

Duke Ellington

Bernie
    $800 20
(Jesse: What are the Navajo?)

the Cherokee

BernieJesse
    $800 24
William Styron

Triple Stumper
    $800 11
Queen

Kevin
    $800 5
Albania

Triple Stumper
    $800 28
(Kevin: What is Johannesburg?)
[The end-of-round signal sounds.]

Cape Town

BernieKevin
    $800 16
Pablo Casals

Triple Stumper
    $1000 21
Mother Jones

Bernie
    $1000 25
Nathaniel Hawthorne

Triple Stumper
    $1000 12
(Alex: Right, and well done in the category.)

Franco Zeffirelli

Kevin
    $1000 6
SABENA

Jesse
    $1000 27
Walter Reed

Jesse

Scores at the end of the Double Jeopardy! Round:

Bernie Kevin Jesse
$14,400 $5,600 $3,300
(lock game)

[wagering suggestions for these scores]

Final Jeopardy! Round responses

CANADA
(Alex: A bit of information here for you and for our viewers. Our writers like to compose Final Jeopardy! so that if a player doesn't know the response, the correct response, immediately, it can be figured out from the clue.)
...
(Alex: [To Jesse] [*], it's the westernmost province, setting sun. Well done, you figured it out.)
...
(Alex: Bernie, congratulations. Great week for you, and we'll see you in November in the Tournament of Champions.)
JesseWhat is British Columbia?
$3,300
KevinWhat is British Columbia?
$1,500
BernieWhat is British Columbia
$3,200
British Columbia

Final scores:

Bernie Kevin Jesse
$17,600 $7,100 $6,600
5-day champion: $63,102 + Jeopardy! Roll-a-Puzzle system from Crossword Companion 2nd place: a weeklong trip for two to Almond Beach Resort in Barbados + Jeopardy! Roll-a-Puzzle system from Crossword Companion 3rd place: a Samsung 19" TV/VCR + Jeopardy! Roll-a-Puzzle system from Crossword Companion

Game dynamics:

Coryat scores:

Bernie Kevin Jesse
$8,800 $5,600 $3,300
19 R
(including 3 DDs),
2 W
22 R,
5 W
11 R,
1 W

Combined Coryat: $17,700

[game clues] [game scores] [suggest correction]

Game tape date: 1996-08-06
The J! Archive is created by fans, for fans. Scraping, republication, monetization, and malicious use prohibited; this site may use cookies and collect identifying information. See terms. The Jeopardy! game show and all elements thereof, including but not limited to copyright and trademark thereto, are the property of Jeopardy Productions, Inc. and are protected under law. This website is not affiliated with, sponsored by, or operated by Jeopardy Productions, Inc. Join the discussion at JBoard.tv.